[Event "American Continental 2nd"]
[Site "Buenos Aires"]
[Date "2003.08.23"]
[Round "6"]
[White "Gurevich, Dmitry"]
[Black "Gulko, Boris F"]
[Result "1/2-1/2"]
[WhiteElo "2502"]
[BlackElo "2583"]
[Annotator "Erenburg,S"]
[PlyCount "126"]
[EventDate "2003.08.17"]
[EventType "swiss"]
[EventRounds "11"]
[EventCountry "ARG"]
[SourceTitle "CBM 097"]
[Source "ChessBase"]
[SourceDate "2003.11.11"]
[SourceVersion "1"]
[SourceVersionDate "2003.11.11"]
[SourceQuality "1"]

{[%mdl 556]} 1. d4 d6 2. e4 Nf6 3. Nc3 g6 4. g3 Bg7 5. Bg2 O-O 6. Nge2 {
Black has to decide how does he get the counterplay. He has two main plans: 1)
to provide e7-e5 or 2) to attack the white's centre with c7-c5.} Nbd7 {There
are some other possibilities:} (6... Na6 $5 {[%cal Yc7c5] 0-1 Pavasovic,
D-Azmaiparashvili,Z/Istanbul 2003/CBM96_01/[Erenburg] (51)}) (6... c5 7. dxc5
dxc5 8. Qxd8 Rxd8 9. Be3 Na6 10. h3 Ne8 11. Nd5 Kf8 12. O-O-O Bd7 13. Bg5 f6
14. Bd2 Bc6 15. Nef4 Kf7 16. Rhe1 e6 17. Nc3 Nd6 $10 {Abdelnabi,I-Speelman,J,
Luzern tt 1989-CBM 16}) (6... e5 7. h3 (7. O-O {1-0 Vokarev,S-Avrukh,B/Moscow
2002/CBM 88/[Gofshtein,L] (38)}) 7... Nc6 8. Be3 exd4 (8... Bd7 {1-0 Pavasovic,
D-Volokitin,A/Ljubljana 2002/CBM 88/[Gofshtein,L] (46)}) 9. Nxd4 Bd7 {1/2-1/2
Jakovenko,D-Lugovoi,A/Ekaterinburg 2002/CBM 90/[Avrukh,B] (36)}) ({Less
popular is} 6... c6 {1-0 Bologan,V-Narciso Dublan,M/Pamplona 2002/CBM 87/
[Gofshtein,L] (80)}) 7. O-O {White has tried also} (7. h3 Rb8 8. a4 c5 9. dxc5
Nxc5 10. O-O b6 11. Nf4 e6 12. Nd3 Bb7 13. Re1 Qe7 $11 {0-1 Vokarev,S-Tkachiev,
V/Moscow 2002/CBM 88 (21)}) 7... c5 8. h3 {preparing to develop the
dark-squared bishop on e3. The logical alternative to the move in the game is
to close the centre, thus, getting some space advantage with} (8. d5 {, but,
on the other hand, black can create the counterplay on the queenside,
providing the breakthrough b5:} Ne8 9. a4 a6 10. Be3 Rb8 11. Qd2 (11. a5 $142
$5 $14) 11... Ne5 12. b3 b5 13. Rae1 Bd7 14. axb5 axb5 15. Kh1 b4 16. Nd1 Ng4
17. Bf4 e5 18. dxe6 fxe6 19. f3 Ne5 20. Bh6 Bb5 $15 {Timoshenko,G-Minasian,A,
URS-chJ Kherson 1991-EXP 21}) 8... Rb8 {Black doesn't lose the time, and
immediately prepares the counterplay on the queenside.} (8... cxd4 9. Nxd4 a6
10. Be3 Ne5 11. b3 Bd7 12. Nd5 Nc6 13. c4 Nxd5 14. exd5 Nxd4 15. Bxd4 b5 16.
Bxg7 Kxg7 17. Qd4+ Kg8 18. c5 $14 {Sinowjwew,Y-Brestian,E,Oberwart op 1991}) (
8... a6 9. Be3 Qc7 10. Qd2 cxd4 11. Nxd4 Ne5 12. b3 e6 13. Rad1 Rd8 $6 14. f4
Nc6 15. Nxc6 bxc6 16. Na4 Rb8 17. c4 Rd7 18. c5 d5 19. Nb6 Re7 20. e5 Ne8 21.
Bd4 $16 {Bashkov,V-Minasian,A,Podolsk tt 1990-TD90_02}) 9. dxc5 {seems to me
dubious to help black to occupy the c5 square. Probably better is} (9. Be3 b6
10. Qd2 Re8 11. a4 a6 12. Rad1 Bb7 13. Rfe1 b5 14. axb5 axb5 15. dxc5 b4 16.
Nd5 Nxd5 17. exd5 dxc5 18. c3 bxc3 {1/2-1/2 Stevic,H-Tkachiev,V/TCh-CRO, Rabac
CRO 2003 (18)}) 9... Nxc5 10. Nd4 $146 {According to my database, this
position appeared for the first time. White tries to prevent black's b7-b5,
but, from my point of view, white defines too early the position of his knight,
robbing from it other options.} ({In my opinion, more logical option to
prevent black's breakthrough is} 10. a4 {, saving the option to transfer the
knight from e2 to d5 via f4.} b6 11. Nf4 Bb7 12. Nfd5 e6 13. Nxf6+ Bxf6 14. Bh6
Re8 $11 {1/2-1/2 Bologan,V-Chernin,A/Bastia 1998/EXT 2000 (70)}) (10. Be3 b6
11. g4 Bb7 12. Ng3 Nfd7 13. Qd2 Ne5 14. b3 Rc8 $15 {0-1 Luecke,N-Khalifman,A/
Germany 1998/GER-chT (89)}) 10... Bd7 11. a4 a6 12. Re1 Re8 13. Be3 Qc8 14. Kh2
(14. g4 {deserves attetnion.}) 14... b5 $11 {Black has succeeded to solve the
opening problems. White doesn't control over the center, while black has some
counterplay on the queenside. All the black pieces are located well, so I
would evaluate the chances of the opponents as an equal.} 15. axb5 axb5 16. b4
Na4 $1 17. Nxa4 $6 ({Better was} 17. Ncxb5 {, getting an equal position:} Rxb5
$1 18. Rxa4 Rh5 19. Ra5 Ng4+ (19... Bxh3 20. Rxh5 Bxg2 (20... Bg4 21. f3 Bxh5
22. Bh3 $16 {[%cal Gg3g4]}) 21. Rh4 Bxe4 $44) 20. Kg1 Nxe3 21. Rxe3 Rxa5 22.
bxa5 Bxh3 $11) 17... bxa4 $15 {Now white's pawns "c" and "b" become targets
for black's pressure.} 18. Rb1 ({After} 18. Qd2 {black succeeds to get the
advantage as well:} Qc4 $1 19. c3 Rbc8 $1 20. Ra3 (20. b5 e5 $17) 20... e5 $17)
18... Qc4 19. Bf1 Qc7 $6 ({Probably better was} 19... Qc3 20. Qd3 Qxd3 21. Bxd3
e5 22. Ne2 d5 $17) 20. Qd3 $2 {Mistake, which allows black to get an obvious
advantage.} ({Right was} 20. Bg2 Rec8 $6 (20... Qc3 $5 $15) 21. b5 e5 22. b6
Qb7 (22... Rxb6 23. Rxb6 Qxb6 24. Nf5) 23. Nb5 $132) 20... e5 $1 21. Ne2 (21.
Nf3 d5 22. Nd2 (22. exd5 e4 23. Qd2 exf3 24. Bf4 Qa7 25. Bxb8 Rxb8 $19) 22...
d4 23. Bg5 Rec8 24. Rec1 Qc3 $17) 21... Bb5 $17 {White cannot hold black's
pressure anymore and loses the material.} 22. c4 Qxc4 ({Maybe more precise was
} 22... Bxc4 23. Qc2 Rec8 24. Qxa4 Nxe4 $17 25. Bg2 $140 d5 $19 {[%cal Yc4e2]})
23. Qxc4 Bxc4 24. Nc3 Rec8 ({Comes to consideration:} 24... Bb3 25. Bb5 (25. b5
Rec8 26. Rec1 d5 $17) 25... Rxb5 (25... Rec8 $5 $17) 26. Nxb5 Nxe4 {[%cal
Yd6d5]} 27. f3 Rb8 $17) 25. Nxa4 Bxf1 26. Rxf1 Rc4 (26... Nxe4 27. Nb6 Rc2 $17)
27. f3 d5 $1 (27... Rbxb4 28. Rxb4 Rxb4 29. Nc3 $15 {In this position I would
say, that white has more chances to get the draw, in comparison to black's
ones to win.}) 28. Rfc1 (28. exd5 Nxd5 29. Bc5 Nxb4 $17 {Here black has quite
a good chances to win, as white light pieces are passive.}) (28. Nb6 Rc3) 28...
Rxc1 29. Bxc1 dxe4 30. fxe4 Nxe4 31. b5 Kf8 {In each endgame the king has to
be active, and, in this particular position black monarch is going to the
queenside to take care of white's passed pawn "b".} 32. Be3 Ke8 33. b6 Kd7 (
33... Rb7 34. Rc1) 34. Rc1 Rb7 35. Rc4 f5 36. Kg2 {White cannot pass to the BB
endgame:} (36. Rxe4 $2 fxe4 37. Nc5+ Kc6 38. Nxb7 Kxb7 $19 {[%cal Yg7f8,Yf8a3,
Ya3b2,Yb2d4]}) 36... Bf8 {transfering the dark-squared bishop to d6, from
where it covers the c5 square.} 37. g4 Bd6 38. Kf3 Rb8 (38... h5 {looks strong.
} 39. gxh5 gxh5 $17) 39. Nb2 Rc8 $2 {The exchange of the rooks gives white
good chances to get the draw. Black has only 4 pawns on the board. White king
has not bad chances to invade into black's camp on the kingside, as he has
passed pawn "b", which attracts black king from there.} ({Much more attractive
looks} 39... Nf6 $1 $19 {[%cal Ye5e4,Gf6d5]}) 40. Rxc8 Kxc8 41. Nc4 Bb8 (41...
Kb7 42. Na5+ Ka6 43. Nc4) 42. gxf5 gxf5 43. Bh6 $1 {White is going to attack
black's e5 pawn from behind.} Kd7 $6 ({In case of} 43... Kb7 {white replies
with} 44. Ne3 Nd6 45. Bg7 e4+ 46. Kf4 Nc4+ 47. Kxf5 Nxe3+ 48. Kxe4 {with draw.}
) ({Right was} 43... Nc5 $1) 44. Bg7 $1 Ng5+ (44... Ke6 45. Bxe5 (45. Nxe5))
45. Kg3 Nf7 46. Kf3 Kc6 47. h4 Kc5 $2 {Mistake, which allows white to get the
draw.} ({Black had good chances after} 47... e4+ 48. Ke2 f4 49. Nd2 Kd5 $17 (
49... e3 50. Ne4 h6 51. Nf6 Nd6 52. Bxh6 Nf5 53. Ng4 $11)) {[%tqu "En","Please
find the way to get the draw for white.","","","c4e5","",10]} 48. Nxe5 $1 $11
Nxe5+ 49. Kf4 Nd3+ {Other continuations don't change the result of the game.} (
49... Ng6+ 50. Kxf5 Nxh4+ (50... Kxb6 51. h5 $11) 51. Kg5 $11) (49... Nf7+ 50.
Kxf5 Kxb6 51. h5 $11 {[%cal Yf5f6]}) 50. Kxf5 Kxb6 (50... Bg3 51. h5 Kxb6 52.
Kf6 $11) 51. h5 $1 {It is important to fix black's pawn on h7. Black's king is
too far from kingside, that allows white to capture the h7 pawn.} Kc6 52. Kf6
Kd7 (52... Nf4 53. Kg5 $11 {[%cal Gg5h6]}) 53. Kf7 Be5 54. Kg8 Ke7 55. Kxh7 Kf7
56. Bxe5 Nxe5 57. Kh6 Nf3 58. Kh7 Ng5+ 59. Kh6 Ne6 60. Kh7 Nc5 61. Kh6 ({
Of course not} 61. h6 $4 Ne6 62. Kh8 Nf8 63. h7 Ng6#) 61... Ne4 62. Kh7 Ng5+
63. Kh6 Kf6 1/2-1/2

[Event "San Agustin op 08th"]
[Site "Aviles"]
[Date "2003.08.21"]
[Round "7.5"]
[White "Erenburg, Sergey"]
[Black "Lopez del Alamo, Antonio"]
[Result "1-0"]
[WhiteElo "2512"]
[BlackElo "2313"]
[Annotator "Erenburg,S"]
[PlyCount "71"]
[EventDate "2003.08.16"]
[EventType "swiss"]
[EventRounds "9"]
[EventCountry "ESP"]
[SourceTitle "CBM 097"]
[Source "ChessBase"]
[SourceDate "2003.11.11"]
[SourceVersion "1"]
[SourceVersionDate "2003.11.11"]
[SourceQuality "1"]

1. e4 c5 2. c3 d6 3. d4 Nf6 4. Bd3 g6 5. dxc5 {Probably the most principal
continaution. Another theoretical line transforms to Pirc defence:} (5. Nf3 Bg7
{-B07}) 5... dxc5 6. e5 Nd5 {Here black has another two following
continuations:} (6... Nfd7 7. f4 (7. e6 {comes to consideration as well:} fxe6
8. Nf3 Nc6 9. Qe2 Bg7 10. h4 (10. Nbd2 Nde5 11. Be4 O-O 12. h4 $44 {1-0 Oral,
T-Vescovi,G/Halle 1995/CBM 48 ext (23)}) 10... Nde5 11. Be4 Qd6 12. Na3 $44 {
1-0 Pavasovic,D-Fauland,A/TCh-AUT B, Mitte AUT 2002 (32)}) 7... Qc7 8. Nf3 e6
9. Nbd2 b6 10. Qe2 Bb7 11. Ne4 $14 {1-0 Rozentalis,E-Kempinski,R/4th IECC,
Istanbul TUR 2003 (28)}) (6... c4 {is refused by} 7. Qa4+ Bd7 8. Qxc4 Ng4 9. f4
Nc6 10. Be4 $16 {1-0 Ponomariov,R-Zozulia,A/Alushta 1998/EXT 2000 (23)}) 7. Be4
Nb6 {Other possibilities don't promise black an equality:} (7... Nc7 8. Qxd8+
Kxd8 9. Be3 Ne6 10. Na3 $16 {1-0 Sermek,D-Cebalo,M/Maribor 1994/CBM 40/[Blatny,
P] (34)}) (7... e6 {weakens all the dark squares in the black camp.}) (7... Be6
$2 8. c4 $18) 8. Qxd8+ Kxd8 9. Na3 a6 {covering the b5 pawn. Black tried also}
(9... Nc6 10. Nf3 Bf5 11. Bxf5 gxf5 12. e6 fxe6 13. Be3 $14 {1/2-1/2 Lautier,
J-Polgar,J/Dos Hermanas 1994/CBM 41 (47)}) (9... Bg7 10. Nf3 N8d7 11. Be3 a6
12. e6 fxe6 13. Ng5 Nf6 14. Bc2 (14. Bxc5 $18) 14... Kc7 15. Bxc5 $16 {1/2-1/2
Comp Junior on Alpha-Polgar,J/Budapest 1996/EXT 98 (70) /+-}) 10. Nf3 h6 11.
Be3 e6 (11... N8d7 {is refused by} 12. e6) 12. O-O-O+ $32 {White's development
advantage is amazing, but it's not so easy to prove, that it is enough for a
big advantage.} Kc7 13. Nd2 {transfering the knight to c4.} ({Possible
alternative is} 13. Rd3 Bd7 14. Rhd1 Bc6 15. Nd2 $14) 13... Bd7 ({It is too
dangerous to play} 13... Nd5 {, due to} 14. Ndc4 Nxe3 15. fxe3 $1 $16 {[%cal
Gh1f1,Yc4d6] opening the "f" line for the rook.}) 14. Ndc4 (14. Nb3 {doesn't
work, in view of} Bc6 $1 15. Bxc6 Kxc6 16. Nxc5 $2 Bxc5 17. Bxc5 Kxc5 18. Rd6 {
[%cal Gb2b4]} a5 $1) 14... Nxc4 15. Nxc4 Bc6 16. Nd6 $1 $14 (16. Bxc6 {doesn't
promise too much:} Nxc6 17. f4 b6) 16... Bxd6 ({In case of} 16... Bxe4 17. Nxe4
Nd7 18. f4 Be7 19. Rd3 $14 {[%cal Gh1d1]}) 17. exd6+ Kb6 (17... Kd7 18. f3 $1)
18. f3 $1 Bxe4 (18... Nd7 19. b4 {-main line.} (19. Bc2 $5)) 19. fxe4 Nd7 ({
In case of} 19... Kc6 20. Rhf1 f5 21. g4 $1 $16 {white succeeds to open the
game and to start an attack against evil's weaknesses.} (21. exf5 exf5 22. g4
fxg4 $13)) 20. b4 $1 f5 (20... Kc6 21. Bxc5 Nxc5 22. bxc5 Kxc5 23. e5 {and
white's advantage is quite obvious, thanks to a protected passed pawn.}) 21.
Rhe1 $16 {The most precise decision. Now all the white pieces are extremely
active, while black has too many weaknesses. These two main factors promise
white good chances.} Kc6 22. Bxc5 $1 {White doesn't worsen his pawn structure.}
Rae8 ({Again} 22... Nxc5 {provides to big white's edge.} 23. bxc5 f4 (23...
Kxc5 24. exf5 $18) 24. e5 $16) 23. Bf2 {[%cal Yc3c4,Yc4c5]} e5 24. c4 Re6 25.
c5 b6 {trying to weaken white's two connected pawns.} 26. Re2 {[%cal Ye2c2]}
bxc5 27. bxc5 Rb8 28. Rd3 $1 $18 {[%cal Yd3a3,Yd3h3] White is a pawn up, he
has two strong connected pawns, that promise white quite an easy realisation.}
(28. Rb2 {strong enough as well:} Rxb2 29. Kxb2 $18) 28... Rb4 29. Ra3 Rc4+ 30.
Rc2 Rxc2+ 31. Kxc2 Nb8 32. Rh3 {Black can't hold the pressure anymore, and, as
a result, white's rook is going to invade into the black camp.} fxe4 33. Rxh6
Rf6 34. Be3 Rf1 (34... Nd7 {doesn't change anything:} 35. Rh8 Rf8 36. Rxf8 Nxf8
37. h4 $18 {organizing the passed pawn "h".}) 35. Rh8 Nd7 36. Rc8+ {and
white's pawns get "promotion".} 1-0

[Event "Olympiad-36"]
[Site "Mallorca"]
[Date "2004.10.23"]
[Round "8"]
[White "Sermek, Drazen"]
[Black "Zugic, Igor"]
[Result "1-0"]
[WhiteElo "2547"]
[BlackElo "2479"]
[Annotator "Erenburg,S"]
[PlyCount "107"]
[EventDate "2004.10.15"]
[EventType "team-swiss"]
[EventRounds "14"]
[EventCountry "ESP"]
[SourceTitle "CBM 104"]
[Source "ChessBase"]
[SourceDate "2005.01.27"]
[SourceVersion "1"]
[SourceVersionDate "2005.01.27"]
[SourceQuality "1"]
[WhiteTeam "Slovenia"]
[BlackTeam "Canada"]
[WhiteTeamCountry "SLO"]
[BlackTeamCountry "CAN"]

1. e4 c5 2. c3 d6 3. d4 Nf6 4. Bd3 g6 {transposing Alapin variation of
Sicilian to Pirc Defence.} 5. dxc5 {The main idea of this continuation is to
get a space advantage, limitting the possibilities of black's dark-squared
bishop, using the e5 pawn. Other options are:} (5. Nf3 Bg7 6. O-O O-O {1/2-1/2
Nisipeanu,L-Efimenko,Z/Germany 2004/[Erenburg] (23)}) (5. Ne2 $5 {1-0
Sveshnikov,E-Rustemov,A/Elista 1995/CBM 50/[Blatny,P] (29)}) (5. h3 {1-0
Spangenberg,H-Seminara,J/Buenos Aires 1998/CBM 65/[Har Zvi] (22)}) (5. e5 $6 {
0-1 Petronic,J-Damljanovic,B/Belgrade 1998/CBM 64/[Har Zvi] (39)}) 5... dxc5 6.
e5 c4 $6 {I think, that this continuation allows white to get an advantage.} ({
More acceptable is} 6... Nd5 7. Be4 {1-0 Erenburg,S-Lopez del Alamo,A/Aviles
2003/CBM 97/[Erenburg] (36)}) (6... Nfd7 7. f4 (7. e6 {comes to consideration
as well:} fxe6 8. Nf3 Nc6 9. Qe2 Bg7 10. h4 (10. Nbd2 Nde5 11. Be4 O-O 12. h4
$44 {1-0 Oral,T-Vescovi,G/Halle 1995/CBM 48 ext (23)}) 10... Nde5 11. Be4 Qd6
12. Na3 $44 {1-0 Pavasovic,D-Fauland,A/TCh-AUT B, Mitte AUT 2002 (32)}) 7...
Qc7 8. Nf3 e6 9. Nbd2 b6 10. Qe2 Bb7 11. Ne4 $14 {1-0 Rozentalis,E-Kempinski,R/
4th IECC, Istanbul TUR 2003 (28)}) 7. Qa4+ $1 Bd7 8. Qxc4 Ng4 9. Nf3 {White
prefers to give back the e5 pawn, completing the development as soon as
possible.} ({Nobody showed how can black get the compensation after} 9. f4 Nc6
10. Be4 $16 {1-0 Ponomariov,R-Zozulia,A/Alushta 1998/EXT 2000 (23)}) 9... Nc6
10. Be4 {taking control over the long diagonal.} ({White doesn't succeed to
save the e5 pawn:} 10. Bf4 Bg7 (10... Qb6 11. O-O) 11. Be4 Ngxe5 12. Nxe5 Nxe5
13. Qe2 {- leads to the game.}) 10... Ngxe5 11. Nxe5 Nxe5 12. Qe2 Bg7 13. Bf4
$146 (13. O-O O-O 14. Na3 Bc6 15. Bf4 Bxe4 16. Qxe4 Nc6 17. Rfd1 Qc8 18. Nb5
Qg4 19. f3 Qh5 20. Rd5 e5 21. Be3 $16 {1-0 Medak,B-Kosmac,B/Calicut 1998/CBM
67 ext (36)}) (13. Bxb7 {seems very risky:} Bg4 (13... Rb8 14. Ba6 Bg4 15. f3
Bf5) 14. Qb5+ Bd7 (14... Kf8 15. f3 (15. O-O Rb8 16. Qa6 Bf5 $44) 15... Nd3+
16. Ke2 Nxc1+ 17. Rxc1 Bd7 18. Qd5 $14) 15. Qa6 Rb8 16. Be4 Bb5 17. Qxa7 O-O {
with dangerous initiative.}) 13... Nc6 $6 {Black should have not transfered
the knight to more passive position.} ({More logical was to protect the b7
pawn with} 13... Qb6 14. Na3 O-O 15. Bxe5 Bxe5 16. Nc4 Qc7 $14 {/=}) 14. O-O
O-O 15. Na3 {From this square the white knight can be transfered to c4 as well
as to b5.} e5 {Black has some problems with joining to the battle his heavy
pieces, as he suffers from lack of space. Therefore, black tries to occupy
some space, moving forward his central pawns. The background of this move is
the weakness of the d6 square.} 16. Be3 Be6 17. Bc5 Re8 18. Rfd1 Qa5 19. Qb5 $1
Qc7 ({After} 19... Qxb5 20. Nxb5 $16 {white's pressure on the black's
queenside is very serious.}) 20. Nc4 $6 ({Probably, stronger is} 20. Bd6 Qc8
21. Nc4 $14) 20... Bxc4 $2 {Serious strategical mistake. Black gives white the
control over the light squares, that promise white an obvious advantage.} ({
Much more logical is} 20... a6 $1 21. Qb6 Qxb6 22. Nxb6 Rad8 $11) 21. Qxc4 Bf8
22. Be3 a6 (22... Red8 $5 23. b4 $1 $16 (23. Rxd8 Rxd8 24. Bxa7 Rd2 25. b4 b5
26. Qxc6 Qxa7 $14)) 23. a4 $16 {Now white can move forward his queenside pawns,
that are supported by extremely active pair of bishops.} Rac8 24. b4 Qe7 (24...
Ne7 {doesn't make black's life easier:} 25. Qxc7 Rxc7 26. Bb6 Rxc3 27. Bxb7 $16
) 25. Qb3 Red8 {Black doesn't have any plan of counterplay, therefore, he
chooses the waiting strategy.} 26. Bb6 {taking control over the "d" file.} Re8
27. b5 {Now all the black pieces are paralized!} Nb8 (27... Nd8 28. Qd5 $16)
28. Qd5 {This is the right moment for active actions. White destroys
everything, that disturbs his "b" pawn to move forward!} axb5 29. axb5 Rxc3 30.
Qxb7 Qf6 (30... Qxb7 {The trade of the queens makes black's position near to
losing:} 31. Bxb7 Bc5 32. Ba5 Rc2 33. Rd2 $16 {/+-}) 31. Ra8 Bd6 32. g3 {
White doesn't hurry, as black is absolutely paralized. First, white improves
his positition as much as he can.} Kg7 33. Bd5 {threatening with the capture
on f7.} Rf8 34. Be4 h5 35. Qd5 Be7 36. Qb7 Bd6 37. h4 {fixing the black's
kingside pawns.} Rcc8 38. Be3 $1 {[%cal Ye3g5,Gb7b6] White finds the right
plan- transfer of the dark-squared bishop to c1-h6 diagonal. Now white threats
with Bg5, as well as with Qb6.} Bb4 39. Qb6 $1 {forcing black to trade the
queens.} Qxb6 (39... Qe7 {loses immediately, in view of} 40. Ra7 $1 {[%cal
Gb6g6,Ya7g7]} Qf6 41. Bh6+) 40. Bxb6 Bc5 $6 {allowing white to win immediately.
} ({But after} 40... Rc4 41. Bg2 $18 {it is clear, that white's position is
winning, thanks to a pair of bishops and strong passed "b" pawn.}) 41. Ba5 $6 (
{Probably,} 41. Rxb8 {wins quicklier:} Rxb8 (41... Bxf2+ 42. Bxf2 Rxb8 43. b6
$18) 42. Bxc5 Rxb5 43. Bxf8+ Kxf8 44. Rd7 $18) 41... Bd4 42. b6 $18 {Now
nothing can stop white's pawn.} f5 43. b7 Rce8 {Black should have kept the
control over the c7 square.} (43... Bxf2+ 44. Kxf2 fxe4+ 45. Ke3 Rc4 (45...
Rce8 46. Bc7 $18) 46. Rd8 $18) ({The last chance to survive was} 43... Rc4 {
, keeping the control over the c7 square.} 44. Bd3 Rc6 45. Kg2 $16 {/+-}) 44.
Bd5 {Now white's plan is simple: he is going to transfer the bishop to b8-d6
diagonal and to bring the second rook to c8.} f4 45. gxf4 Rxf4 46. Bc7 Rff8 (
46... Bxf2+ 47. Kg2 Rff8 48. Rxb8 $18) 47. Rd2 Kf6 48. Bd6 Rh8 49. Rc2 e4 50.
Bxe4 Be5 51. Bxe5+ Kxe5 52. Bxg6 Reg8 53. Kf1 Kd6 (53... Rxg6 54. Rc8 $18) 54.
Bf5 1-0